Top 100 Rappers (Modern Era) - Statistics

General Stats
  • This quiz has been taken 208 times
    187 since last reset
  • The average score is 23 of 100
Answer Stats
Hint Answer % Correct
#43 Drake
93%
#1 Kendrick Lamar
87%
#41 Kanye West
70%
#6 Lil Wayne
69%
#4 Travis Scott
69%
#5 Eminem
68%
#15 Lil Uzi Vert
64%
#13 Future
63%
#37 Lil Baby
63%
#9 Jay Z
60%
#29 Juice Wrld
58%
#10 21 Savage
57%
#2 J. Cole
57%
#38 DaBaby
56%
#90 Young Thug
54%
#16 Nicki Minaj
46%
#17 Offset
44%
#28 Quavo
42%
#23 Tyler, The Creator
41%
#49 Lil Tecca
37%
#34 Takeoff
37%
#36 Lil Durk
34%
#3 Pusha-T
34%
#24 Don Toliver
32%
#33 Pop Smoke
31%
#11 Denzel Curry
30%
#19 A$AP Rocky
29%
#35 Kodak Black
29%
#63 Post Malone
29%
#55 Roddy Ricch
28%
#60 Kid Cudi
27%
#44 JID
25%
#70 Lil Peep
25%
#54 Trippie Redd
25%
#20 Chief Keef
23%
#39 Baby Keem
22%
#57 Joey Bada$$
22%
#12 Mac Miller
22%
#27 Polo G
22%
#8 Schoolboy Q
22%
#14 Big Sean
19%
#71 Freddie Gibbs
19%
#40 Gucci Mane
19%
#58 Logic
19%
#64 Ski Mask The Slump God
19%
#31 2 Chainz
18%
#56 NAV
18%
#99 YoungBoy Never Broke Again
18%
#46 Meek Mill
17%
#73 Earl Sweatshirt
16%
#69 Sheck Wes
16%
#7 Swae Lee
16%
#48 Wiz Khalifa
16%
#18 A$AP Ferg
15%
#32 A Boogie Wit Da Hoodie
14%
#61 Childish Gambino
14%
#52 Jay Rock
14%
#78 JPEGMAFIA
14%
#22 Skepta
14%
#42 YNW Melly
14%
#79 Danny Brown
13%
#53 G Herbo
13%
#72 Vince Staples
13%
#65 Lil Skies
11%
#25 Ab-Soul
10%
#30 Cordae
10%
#93 Tory Lanez
10%
#80 Fetty Wap
9%
#82 Ludacris
9%
#74 Lupe Fiasco
9%
#67 Rich the Kid
9%
#51 Tyga
9%
#81 Isaiah Rashad
8%
#77 Nipsey Hussle
8%
#95 Lil Keed
7%
#62 Moneybagg Yo
7%
#92 Rod Wave
7%
#75 Anderson .Paak
6%
#59 DJ Khaled
6%
#84 Juicy J
6%
#86 PnB Rock
6%
#85 Amine
5%
#97 Bas
5%
#26 Big K.R.I.T.
5%
#47 Dave East
5%
#68 Desiigner
5%
#66 Saba
5%
#21 Wale
5%
#45 6LACK
4%
#87 Flo Rida
4%
#98 Rob49
4%
#91 That Mexican OT
4%
#50 Waka Flocka Flame
4%
#83 Bobby Shmurda
3%
#89 Russ
2%
#94 Sleepy Hallow
2%
#96 Flipp Dinero
1%
#100 Real Boston Richey
1%
#88 Young M.A
1%
#76 GoldLink
0%
No matching quizzes found
Score Distribution
Percent of People with Each Score
Percentile by Number Answered
Your Score History
You have not taken this quiz since the last reset